KOHA-Header-6

The Sterling book of Business Letters (Record no. 2811)

000 -LEADER
fixed length control field 00284nam a2200109Ia 4500
008 - FIXED-LENGTH DATA ELEMENTS--GENERAL INFORMATION
fixed length control field 190902s9999||||xx |||||||||||||| ||und||
100 ## - MAIN ENTRY--PERSONAL NAME
Personal name Vas,Gratian
245 #4 - TITLE STATEMENT
Title The Sterling book of Business Letters
260 ## - PUBLICATION, DISTRIBUTION, ETC. (IMPRINT)
Place of publication, distribution, etc new delhi
Name of publisher, distributor, etc A sterling paperback
Date of publication, distribution, etc 1996
300 ## - PHYSICAL DESCRIPTION
Extent 173p.:
942 ## - ADDED ENTRY ELEMENTS (KOHA)
Koha item type Books
Holdings
Withdrawn status Lost status Source of classification or shelving scheme Damaged status Not for loan Collection code Permanent Location Current Location Shelving location Date acquired Barcode Date last seen Price effective from Koha item type
          Business MAJU MAJU   2019-09-02 6472 2019-09-02 2019-09-02 Business

Powered by Koha